|
|
|
|
| LEADER |
00000nam0a2200000 4500 |
| 001 |
265763 |
| 005 |
20231101233940.0 |
| 035 |
|
|
|a (RuTPU)RU\TPU\book\288765
|
| 035 |
|
|
|a RU\TPU\book\208822
|
| 090 |
|
|
|a 265763
|
| 100 |
|
|
|a 20140630d1982 k y0rusy50 ca
|
| 101 |
0 |
|
|a rus
|
| 102 |
|
|
|a MD
|
| 105 |
|
|
|a a z 001zy
|
| 200 |
1 |
|
|a Применение эффекта Мессбауэра и фотоэлектронной спектроскопии в физике аморфных полупроводников
|f И. В. Нистирюк, П. П. Серегин
|g Кишиневский политехнический институт им. С. Лазо ; под ред. В. Г. Трофима
|
| 210 |
|
|
|a Кишинев
|c Штиинца
|d 1982
|
| 215 |
|
|
|a 123 с.
|c ил.
|
| 320 |
|
|
|a Библиогр.: с. 110-121 (148 назв.).
|
| 606 |
1 |
|
|a Полупроводники
|x Исследование методом ЯГР
|2 stltpush
|3 (RuTPU)RU\TPU\subj\50561
|9 69214
|
| 606 |
1 |
|
|a Мессбауэра эффект
|2 stltpush
|3 (RuTPU)RU\TPU\subj\42220
|9 61909
|
| 610 |
1 |
|
|a полупроводники
|
| 610 |
1 |
|
|a эффект Мессбауэра
|
| 610 |
1 |
|
|a физика
|
| 610 |
1 |
|
|a фотоэлектронная спектроскопия
|
| 610 |
1 |
|
|a аморфные полупроводники
|
| 610 |
1 |
|
|a полупроводниковые соединения
|
| 610 |
1 |
|
|a полупроводниковые сплавы
|
| 610 |
1 |
|
|a структура
|
| 610 |
1 |
|
|a кристаллические полупроводники
|
| 610 |
1 |
|
|a оксидные стекла
|
| 675 |
|
|
|a 537.311.322:539
|v 3
|
| 675 |
|
|
|a 539.122.17
|v 3
|
| 700 |
|
1 |
|a Нистирюк
|b И. В.
|g Иван Викторович
|
| 701 |
|
1 |
|a Серегин
|b П. П.
|g Павел Павлович
|
| 702 |
|
1 |
|a Трофим
|b В. Г.
|4 340
|
| 712 |
0 |
2 |
|a Кишиневский политехнический институт им. С. Лазо
|2 stltpush
|3 (RuTPU)RU\TPU\col\4164
|9 23937
|
| 801 |
|
1 |
|a RU
|b 63413507
|c 20110206
|
| 801 |
|
2 |
|a RU
|b 63413507
|c 20210209
|g RCR
|
| 942 |
|
|
|c BK
|